000 00376nam a22001457a 4500
020 _a978-81-7229-717-6
082 _a823
_bDES/S
245 _aTHE STORY OF GANDHI
_bSTORY BOOK WITH PICTURE
246 _aTHE STORY OF GANDHI
_bSTORY BOOK WITH PICTURE
260 _aMUMBAI
_bGANDHI BOOK CENTRE
300 _a120
520 _aABOUT GANDHI
650 _aABOUT GANDHI
942 _cBK
999 _c2160
_d2160